[Event "DVM U10 2023"]
[Site "Magdeburg GER"]
[Date "2023.12.29"]
[Round "6"]
[White "Klofta, Jona"]
[Black "Stentrup, Levi"]
[Result "1-0"]
[Termination "normal"]
[Board "5.3"]
[WhiteElo "936"]
[BlackElo "1169"]
[WhiteClock "00:32:45"]
[BlackClock "00:35:18"]
[WhiteTeam "SK Johanneum Eppendorf"]
[BlackTeam "SK Münster 32"]
[PlyCount "87"]
[BlackFideId "34692509"]
[EventCountry "GER"]
[EventRounds "7"]
[EventType "team-swiss"]
[EventDate "2023.12.27"]

1. e4 {[%clk 00:55:08]} {[%emt 00:00:02]} e5 {[%clk 00:55:09]} {[%emt
00:00:02]} 2. Nf3 {[%clk 00:55:07]} {[%emt 00:00:05]} Nc6 {[%clk 00:55:07]}
{[%emt 00:00:07]} 3. d4 {[%clk 00:55:07]} {[%emt 00:00:04]} exd4 {[%clk
00:55:07]} {[%emt 00:00:07]} 4. Bc4 {[%clk 00:55:09]} {[%emt 00:00:03]} Bb4+
{[%clk 00:54:59]} {[%emt 00:00:12]} 5. c3 {[%clk 00:55:07]} {[%emt 00:00:07]}
dxc3 {[%clk 00:54:57]} {[%emt 00:00:08]} 6. O-O {[%clk 00:55:04]} {[%emt
00:00:07]} d6 {[%clk 00:54:22]} {[%emt 00:00:40]} 7. a3 {[%clk 00:54:43]}
{[%emt 00:00:27]} Bc5 {[%clk 00:54:10]} {[%emt 00:00:16]} 8. Nxc3 {[%clk
00:54:34]} {[%emt 00:00:14]} Bg4 {[%clk 00:54:06]} {[%emt 00:00:09]} 9. h3
{[%clk 00:53:54]} {[%emt 00:00:45]} Bh5 {[%clk 00:54:02]} {[%emt 00:00:08]} 10.
Be3 {[%clk 00:53:15]} {[%emt 00:00:44]} Ne5 {[%clk 00:53:35]} {[%emt 00:00:33]}
11. Be2 {[%clk 00:52:26]} {[%emt 00:00:54]} Nxf3+ {[%clk 00:51:49]} {[%emt
00:01:51]} 12. Bxf3 {[%clk 00:52:21]} {[%emt 00:00:09]} Bxf3 {[%clk 00:51:49]}
{[%emt 00:00:07]} 13. Qxf3 {[%clk 00:52:17]} {[%emt 00:00:08]} Qf6 {[%clk
00:51:45]} {[%emt 00:00:09]} 14. Qe2 {[%clk 00:51:52]} {[%emt 00:00:30]} c6
{[%clk 00:51:10]} {[%emt 00:00:40]} 15. Rad1 {[%clk 00:51:18]} {[%emt
00:00:39]} O-O-O {[%clk 00:50:32]} {[%emt 00:00:43]} 16. Rd2 {[%clk 00:50:54]}
{[%emt 00:00:29]} Bxa3 {[%clk 00:50:14]} {[%emt 00:00:23]} 17. Bd4 {[%clk
00:50:09]} {[%emt 00:00:50]} Qe6 {[%clk 00:48:06]} {[%emt 00:02:12]} 18. bxa3
{[%clk 00:50:01]} {[%emt 00:00:15]} Nf6 {[%clk 00:47:52]} {[%emt 00:00:18]} 19.
Bxa7 {[%clk 00:49:42]} {[%emt 00:00:24]} Qb3 {[%clk 00:47:20]} {[%emt
00:00:37]} 20. Bd4 {[%clk 00:49:22]} {[%emt 00:00:24]} c5 {[%clk 00:47:08]}
{[%emt 00:00:19]} 21. Bxf6 {[%clk 00:49:08]} {[%emt 00:00:17]} gxf6 {[%clk
00:47:06]} {[%emt 00:00:07]} 22. Qg4+ {[%clk 00:48:53]} {[%emt 00:00:17]} Kb8
{[%clk 00:46:46]} {[%emt 00:00:29]} 23. Nd5 {[%clk 00:47:58]} {[%emt 00:01:00]}
Rhg8 {[%clk 00:46:41]} {[%emt 00:00:11]} 24. Qd1 {[%clk 00:47:21]} {[%emt
00:00:41]} Qxh3 {[%emt 00:00:09]} 25. f3 {[%emt 00:01:05]} f5 {[%clk 00:44:15]}
{[%emt 00:01:17]} 26. Rff2 {[%clk 00:46:55]} {[%emt 00:00:31]} Rg5 {[%clk
00:43:20]} {[%emt 00:00:59]} 27. exf5 {[%clk 00:46:17]} {[%emt 00:00:43]} Rdg8
{[%clk 00:43:01]} {[%emt 00:00:25]} 28. Qc2 {[%clk 00:44:01]} {[%emt 00:02:20]}
Rg3 {[%clk 00:42:40]} {[%emt 00:00:27]} 29. Nf4 {[%clk 00:43:11]} {[%emt
00:00:54]} Qh4 {[%clk 00:42:14]} {[%emt 00:00:33]} 30. Qe4 {[%clk 00:40:57]}
{[%emt 00:02:17]} c4 {[%clk 00:41:22]} {[%emt 00:00:58]} 31. Rxd6 {[%clk
00:39:53]} {[%emt 00:01:09]} c3 {[%clk 00:40:56]} {[%emt 00:00:30]} 32. Rd4
{[%clk 00:39:07]} {[%emt 00:00:52]} b5 {[%clk 00:39:40]} {[%emt 00:01:22]} 33.
Qe5+ {[%clk 00:37:52]} {[%emt 00:01:19]} Ka8 {[%clk 00:39:25]} {[%emt
00:00:19]} 34. Re4 {[%clk 00:37:09]} {[%emt 00:00:49]} c2 {[%clk 00:37:38]}
{[%emt 00:01:52]} 35. Rxc2 {[%clk 00:36:44]} {[%emt 00:00:30]} Rxf3 {[%clk
00:37:33]} {[%emt 00:00:10]} 36. Qd5+ {[%clk 00:35:44]} {[%emt 00:01:05]} Kb8
{[%clk 00:37:07]} {[%emt 00:00:31]} 37. Qe5+ {[%clk 00:35:20]} {[%emt
00:00:30]} Ka8 {[%clk 00:37:04]} {[%emt 00:00:08]} 38. Ra4+ {[%clk 00:34:19]}
{[%emt 00:01:06]} bxa4 {[%clk 00:36:58]} {[%emt 00:00:11]} 39. Qe4+ {[%clk
00:34:20]} {[%emt 00:00:03]} Kb8 {[%clk 00:36:52]} {[%emt 00:00:12]} 40. Qxf3
{[%clk 00:34:12]} {[%emt 00:00:13]} Re8 {[%clk 00:36:22]} {[%emt 00:00:34]} 41.
Rb2+ {[%clk 00:33:15]} {[%emt 00:01:02]} Kc8 {[%clk 00:35:27]} {[%emt
00:00:59]} 42. Qc6+ {[%clk 00:32:58]} {[%emt 00:00:23]} Kd8 {[%clk 00:35:21]}
{[%emt 00:00:12]} 43. Rb8+ {[%clk 00:32:45]} {[%emt 00:00:17]} Ke7 {[%clk
00:35:18]} {[%emt 00:00:08]} 44. Rxe8# {[%emt 00:00:21]} 1-0

[Event "DVM U10 2023"]
[Site "Magdeburg GER"]
[Date "2023.12.29"]
[Round "6"]
[White "Artarov, Rina"]
[Black "Leibold, Neels"]
[Result "0-1"]
[Termination "normal"]
[Board "5.4"]
[WhiteElo "1044"]
[BlackElo "956"]
[WhiteClock "00:10:49"]
[BlackClock "00:01:45"]
[WhiteTeam "SK Münster 32"]
[BlackTeam "SK Johanneum Eppendorf"]
[PlyCount "124"]
[EventCountry "GER"]
[EventRounds "7"]
[EventType "team-swiss"]
[EventDate "2023.12.27"]

1. d4 {[%clk 00:55:08]} {[%emt 00:00:02]} Nf6 {[%clk 00:55:02]} {[%emt
00:00:08]} 2. Bf4 {[%clk 00:55:07]} {[%emt 00:00:07]} g6 {[%clk 00:54:59]}
{[%emt 00:00:07]} 3. c3 {[%clk 00:55:04]} {[%emt 00:00:09]} d5 {[%clk
00:54:54]} {[%emt 00:00:09]} 4. e3 {[%clk 00:54:37]} {[%emt 00:00:33]} Bg7
{[%clk 00:54:51]} {[%emt 00:00:07]} 5. Bd3 {[%clk 00:53:12]} {[%emt 00:01:31]}
Nc6 {[%clk 00:54:34]} {[%emt 00:00:22]} 6. Nd2 {[%clk 00:51:46]} {[%emt
00:01:31]} O-O {[%clk 00:54:18]} {[%emt 00:00:21]} 7. Ngf3 {[%clk 00:51:10]}
{[%emt 00:00:41]} Be6 {[%clk 00:53:18]} {[%emt 00:01:05]} 8. Qc2 {[%clk
00:50:11]} {[%emt 00:01:03]} a6 {[%clk 00:53:03]} {[%emt 00:00:20]} 9. Be5
{[%clk 00:47:48]} {[%emt 00:02:28]} Nxe5 {[%clk 00:51:27]} {[%emt 00:01:42]}
10. dxe5 {[%clk 00:47:30]} {[%emt 00:00:23]} Ng4 {[%clk 00:50:43]} {[%emt
00:00:47]} 11. h3 {[%clk 00:44:51]} {[%emt 00:02:46]} Nxe5 {[%clk 00:50:29]}
{[%emt 00:00:16]} 12. h4 {[%clk 00:43:12]} {[%emt 00:01:47]} Nxd3+ {[%clk
00:50:05]} {[%emt 00:00:28]} 13. Qxd3 {[%clk 00:43:02]} {[%emt 00:00:15]} Bg4
{[%clk 00:47:52]} {[%emt 00:02:18]} 14. Ng5 {[%clk 00:41:04]} {[%emt 00:02:04]}
h6 {[%clk 00:45:25]} {[%emt 00:02:29]} 15. f3 {[%clk 00:38:10]} {[%emt
00:03:02]} Bf5 {[%clk 00:45:11]} {[%emt 00:00:16]} 16. e4 {[%clk 00:36:29]}
{[%emt 00:01:50]} dxe4 {[%clk 00:45:00]} {[%emt 00:00:15]} 17. Qxd8 {[%clk
00:36:14]} {[%emt 00:00:20]} Raxd8 {[%clk 00:41:39]} {[%emt 00:03:02]} 18.
Ngxe4 {[%clk 00:36:17]} {[%emt 00:00:26]} b5 {[%clk 00:39:59]} {[%emt
00:01:44]} 19. h5 {[%clk 00:34:18]} {[%emt 00:02:05]} g5 {[%clk 00:39:12]}
{[%emt 00:00:50]} 20. a4 {[%clk 00:33:03]} {[%emt 00:01:22]} Ra8 {[%clk
00:38:46]} {[%emt 00:00:28]} 21. g4 {[%clk 00:30:55]} {[%emt 00:02:15]} Be6
{[%clk 00:34:46]} {[%emt 00:04:05]} 22. Nc5 {[%clk 00:28:16]} {[%emt 00:02:45]}
Bd5 {[%clk 00:31:41]} {[%emt 00:03:07]} 23. b3 {[%clk 00:26:58]} {[%emt
00:01:24]} Bxc3 {[%clk 00:29:44]} {[%emt 00:02:04]} 24. Rc1 {[%clk 00:25:30]}
{[%emt 00:01:32]} Bxf3 {[%clk 00:27:08]} {[%emt 00:02:42]} 25. Rh3 {[%clk
00:24:56]} {[%emt 00:00:38]} Bxd2+ {[%clk 00:26:09]} {[%emt 00:01:04]} 26. Kxd2
{[%clk 00:24:50]} {[%emt 00:00:11]} Rad8+ {[%clk 00:25:42]} {[%emt 00:00:28]}
27. Ke3 {[%clk 00:23:54]} {[%emt 00:01:05]} Bxg4 {[%clk 00:25:04]} {[%emt
00:00:42]} 28. Rh2 {[%clk 00:21:56]} {[%emt 00:02:01]} bxa4 {[%clk 00:19:31]}
{[%emt 00:05:42]} 29. bxa4 {[%clk 00:21:29]} {[%emt 00:00:32]} a5 {[%clk
00:19:08]} {[%emt 00:00:28]} 30. Nb7 {[%clk 00:20:47]} {[%emt 00:00:47]} Rd7
{[%clk 00:17:22]} {[%emt 00:01:49]} 31. Nxa5 {[%clk 00:20:19]} {[%emt
00:00:35]} Ra8 {[%clk 00:16:19]} {[%emt 00:01:07]} 32. Rc4 {[%clk 00:19:17]}
{[%emt 00:01:08]} Be6 {[%clk 00:15:49]} {[%emt 00:00:32]} 33. Rc5 {[%clk
00:18:16]} {[%emt 00:01:07]} Rd5 {[%clk 00:15:24]} {[%emt 00:00:30]} 34. Rhc2
{[%clk 00:17:14]} {[%emt 00:01:09]} Rxa5 {[%clk 00:14:21]} {[%emt 00:01:08]}
35. Rxc7 {[%clk 00:15:58]} {[%emt 00:01:21]} Rd7 {[%clk 00:12:05]} {[%emt
00:02:19]} 36. Rxd7 {[%clk 00:15:25]} {[%emt 00:00:39]} Bxd7 {[%clk 00:11:59]}
{[%emt 00:00:11]} 37. Rc4 {[%clk 00:15:26]} {[%emt 00:00:05]} Rxa4 {[%clk
00:11:51]} {[%emt 00:00:13]} 38. Rxa4 {[%clk 00:15:20]} {[%emt 00:00:11]} Bxa4
{[%clk 00:11:49]} {[%emt 00:00:06]} 39. Kf3 {[%clk 00:15:12]} {[%emt 00:00:14]}
f5 {[%clk 00:11:44]} {[%emt 00:00:09]} 40. Kg3 {[%clk 00:14:53]} {[%emt
00:00:25]} e5 {[%clk 00:06:04]} {[%emt 00:05:45]} 41. Kf3 {[%clk 00:14:39]}
{[%emt 00:00:19]} e4+ {[%clk 00:04:33]} {[%emt 00:01:36]} 42. Ke3 {[%clk
00:14:34]} {[%emt 00:00:10]} g4 {[%clk 00:04:28]} {[%emt 00:00:10]} 43. Kf4
{[%clk 00:14:29]} {[%emt 00:00:09]} Kf7 {[%clk 00:04:27]} {[%emt 00:00:05]} 44.
Kxf5 {[%clk 00:13:25]} {[%emt 00:01:10]} g3 {[%clk 00:04:28]} {[%emt 00:00:03]}
45. Kxe4 {[%clk 00:13:22]} {[%emt 00:00:10]} Bc6+ {[%clk 00:03:02]} {[%emt
00:01:31]} 46. Ke3 {[%clk 00:13:05]} {[%emt 00:00:21]} Kf6 {[%clk 00:02:54]}
{[%emt 00:00:13]} 47. Ke2 {[%clk 00:12:56]} {[%emt 00:00:15]} Kg5 {[%clk
00:02:56]} {[%emt 00:00:02]} 48. Kf1 {[%clk 00:12:52]} {[%emt 00:00:10]} Kxh5
{[%clk 00:02:59]} {[%emt 00:00:02]} 49. Kg1 {[%clk 00:12:49]} {[%emt 00:00:08]}
Kg4 {[%clk 00:02:58]} {[%emt 00:00:06]} 50. Kf1 {[%clk 00:12:39]} {[%emt
00:00:14]} h5 {[%clk 00:03:00]} {[%emt 00:00:04]} 51. Kg1 {[%clk 00:12:42]}
{[%emt 00:00:02]} h4 {[%clk 00:03:03]} {[%emt 00:00:02]} 52. Kf1 {[%clk
00:12:44]} {[%emt 00:00:03]} h3 {[%clk 00:02:04]} {[%emt 00:01:04]} 53. Ke2
{[%clk 00:12:40]} {[%emt 00:00:08]} h2 {[%clk 00:02:07]} {[%emt 00:00:03]} 54.
Kd3 {[%clk 00:12:09]} {[%emt 00:00:36]} g2 {[%clk 00:02:09]} {[%emt 00:00:03]}
55. Kd4 {[%clk 00:11:51]} {[%emt 00:00:23]} h1=R {[%clk 00:02:05]} 56. Kc5
{[%clk 00:11:50]} {[%emt 00:00:15]} Kg3 {[%clk 00:02:04]} 57. Kd6 {[%clk
00:11:44]} {[%emt 00:00:17]} g1=R {[%clk 00:02:04]} 58. Kc7 {[%clk 00:11:30]}
{[%emt 00:00:23]} Rh5 {[%clk 00:02:03]} 59. Kb6 {[%clk 00:11:22]} {[%emt
00:00:20]} Kf4 {[%clk 00:01:58]} 60. Ka6 {[%clk 00:11:09]} {[%emt 00:00:28]}
Rg6 {[%clk 00:01:39]} 61. Ka7 {[%clk 00:10:52]} {[%emt 00:00:46]} Ba8 {[%clk
00:01:42]} 62. Kxa8 {[%clk 00:10:49]} {[%emt 00:00:10]} Rh7 {[%clk 00:01:45]}
0-1

[Event "DVM U10 2023"]
[Site "Magdeburg GER"]
[Date "2023.12.29"]
[Round "6"]
[White "Heilmann, Theo"]
[Black "Sauer, Ben"]
[Result "1-0"]
[Termination "normal"]
[Board "6.1"]
[WhiteElo "1315"]
[BlackElo "1429"]
[WhiteClock "00:03:39"]
[BlackClock "00:06:22"]
[WhiteTeam "Schachfüchse Kempen 1986"]
[BlackTeam "Schachzentrum Bemerode"]
[PlyCount "141"]
[WhiteFideId "34678476"]
[BlackFideId "34606866"]
[EventCountry "GER"]
[EventRounds "7"]
[EventType "team-swiss"]
[EventDate "2023.12.27"]

1. d4 {[%clk 00:55:07]} {[%emt 00:00:02]} Nf6 {[%clk 00:55:04]} {[%emt
00:00:07]} 2. Bg5 {[%clk 00:52:54]} {[%emt 00:02:16]} g6 {[%clk 00:54:22]}
{[%emt 00:00:48]} 3. Bxf6 {[%clk 00:52:28]} {[%emt 00:00:32]} exf6 {[%clk
00:54:19]} {[%emt 00:00:08]} 4. Nf3 {[%clk 00:51:50]} {[%emt 00:00:43]} d5
{[%clk 00:53:20]} {[%emt 00:01:03]} 5. e3 {[%clk 00:50:58]} {[%emt 00:00:56]}
Bg7 {[%clk 00:52:35]} {[%emt 00:00:51]} 6. c3 {[%clk 00:49:53]} {[%emt
00:01:10]} O-O {[%clk 00:52:28]} {[%emt 00:00:11]} 7. Bd3 {[%clk 00:49:33]}
{[%emt 00:00:26]} Nd7 {[%clk 00:51:09]} {[%emt 00:01:24]} 8. Qc2 {[%clk
00:49:06]} {[%emt 00:00:31]} Re8 {[%clk 00:43:21]} {[%emt 00:07:54]} 9. Nbd2
{[%clk 00:46:36]} {[%emt 00:02:35]} b6 {[%clk 00:42:12]} {[%emt 00:01:14]} 10.
O-O {[%clk 00:46:07]} {[%emt 00:00:35]} f5 {[%clk 00:41:04]} {[%emt 00:01:13]}
11. Rfe1 {[%clk 00:45:19]} {[%emt 00:00:53]} Bb7 {[%clk 00:40:44]} {[%emt
00:00:25]} 12. Rac1 {[%clk 00:37:40]} {[%emt 00:07:43]} Rc8 {[%clk 00:39:24]}
{[%emt 00:01:25]} 13. Qa4 {[%clk 00:37:03]} {[%emt 00:00:42]} a5 {[%clk
00:38:08]} {[%emt 00:01:21]} 14. Bb5 {[%clk 00:36:42]} {[%emt 00:00:27]} c6
{[%clk 00:37:53]} {[%emt 00:00:20]} 15. Bf1 {[%clk 00:36:31]} {[%emt 00:00:16]}
Nf6 {[%clk 00:36:14]} {[%emt 00:01:44]} 16. Bd3 {[%clk 00:35:41]} {[%emt
00:00:55]} Ne4 {[%clk 00:35:22]} {[%emt 00:00:56]} 17. Bb1 {[%clk 00:34:42]}
{[%emt 00:01:04]} g5 {[%clk 00:33:53]} {[%emt 00:01:33]} 18. Nxe4 {[%clk
00:33:18]} {[%emt 00:01:30]} fxe4 {[%clk 00:32:46]} {[%emt 00:01:12]} 19. Nd2
{[%clk 00:32:10]} {[%emt 00:01:13]} b5 {[%clk 00:32:06]} {[%emt 00:00:46]} 20.
Qd1 {[%clk 00:31:52]} {[%emt 00:00:22]} f5 {[%clk 00:30:47]} {[%emt 00:01:24]}
21. Bc2 {[%clk 00:28:30]} {[%emt 00:03:27]} Qf6 {[%clk 00:29:39]} {[%emt
00:01:13]} 22. Qh5 {[%clk 00:26:50]} {[%emt 00:01:45]} Re7 {[%clk 00:28:37]}
{[%emt 00:01:07]} 23. Bd1 {[%clk 00:26:06]} {[%emt 00:00:48]} Bf8 {[%clk
00:28:04]} {[%emt 00:00:39]} 24. b3 {[%clk 00:25:17]} {[%emt 00:00:55]} Rcc7
{[%clk 00:27:19]} {[%emt 00:00:50]} 25. c4 {[%clk 00:24:29]} {[%emt 00:00:53]}
Rg7 {[%clk 00:25:49]} {[%emt 00:01:34]} 26. Be2 {[%clk 00:23:23]} {[%emt
00:01:12]} b4 {[%clk 00:24:17]} {[%emt 00:01:37]} 27. cxd5 {[%clk 00:20:09]}
{[%emt 00:03:19]} cxd5 {[%clk 00:24:08]} {[%emt 00:00:14]} 28. Qe8 {[%clk
00:18:26]} {[%emt 00:01:48]} Ba6 {[%clk 00:18:49]} {[%emt 00:05:23]} 29. Bxa6
{[%clk 00:16:08]} {[%emt 00:02:24]} Qxa6 {[%clk 00:18:05]} {[%emt 00:00:48]}
30. Qe5 {[%clk 00:15:42]} {[%emt 00:00:31]} Rxc1 {[%clk 00:17:26]} {[%emt
00:00:44]} 31. Qxd5+ {[%clk 00:15:14]} {[%emt 00:00:33]} Rf7 {[%clk 00:16:03]}
{[%emt 00:01:28]} 32. Rxc1 {[%clk 00:12:18]} {[%emt 00:03:01]} Kg7 {[%clk
00:15:06]} {[%emt 00:01:01]} 33. Nc4 {[%clk 00:10:50]} {[%emt 00:01:34]} a4
{[%clk 00:14:13]} {[%emt 00:00:58]} 34. Qe5+ {[%clk 00:10:15]} {[%emt
00:00:40]} Kg8 {[%clk 00:13:59]} {[%emt 00:00:18]} 35. Qa5 {[%clk 00:10:12]}
{[%emt 00:00:09]} Qxa5 {[%clk 00:13:45]} {[%emt 00:00:19]} 36. Nxa5 {[%clk
00:10:03]} {[%emt 00:00:13]} axb3 {[%clk 00:13:37]} {[%emt 00:00:14]} 37. Nxb3
{[%clk 00:09:54]} {[%emt 00:00:15]} Ra7 {[%clk 00:13:31]} {[%emt 00:00:11]} 38.
Rc2 {[%clk 00:09:50]} {[%emt 00:00:09]} Kf7 {[%clk 00:13:19]} {[%emt 00:00:16]}
39. Kf1 {[%clk 00:09:49]} {[%emt 00:00:06]} Ke6 {[%clk 00:12:48]} {[%emt
00:00:35]} 40. Ke2 {[%clk 00:09:33]} {[%emt 00:00:23]} Kd5 {[%clk 00:12:32]}
{[%emt 00:00:20]} 41. Kd2 {[%clk 00:09:10]} {[%emt 00:00:28]} f4 {[%clk
00:12:28]} {[%emt 00:00:09]} 42. Kc1 {[%clk 00:08:52]} {[%emt 00:00:24]} Bd6
{[%clk 00:11:55]} {[%emt 00:00:37]} 43. h3 {[%clk 00:08:33]} {[%emt 00:00:24]}
Rc7 {[%clk 00:11:22]} {[%emt 00:00:38]} 44. Rxc7 {[%clk 00:07:54]} {[%emt
00:00:45]} Bxc7 {[%clk 00:11:24]} {[%emt 00:00:03]} 45. Na1 {[%clk 00:06:42]}
{[%emt 00:01:16]} Kc4 {[%clk 00:10:57]} {[%emt 00:00:32]} 46. Kd2 {[%clk
00:06:20]} {[%emt 00:00:27]} Ba5 {[%clk 00:10:34]} {[%emt 00:00:28]} 47. Nb3
{[%clk 00:06:04]} {[%emt 00:00:21]} Bb6 {[%clk 00:10:33]} {[%emt 00:00:06]} 48.
Kc2 {[%clk 00:05:49]} {[%emt 00:00:21]} h6 {[%clk 00:10:16]} {[%emt 00:00:21]}
49. Nd2+ {[%clk 00:05:39]} {[%emt 00:00:15]} Kd5 {[%clk 00:09:51]} {[%emt
00:00:30]} 50. Kb3 {[%clk 00:05:34]} {[%emt 00:00:10]} h5 {[%clk 00:09:27]}
{[%emt 00:00:29]} 51. Kxb4 {[%clk 00:04:52]} {[%emt 00:00:48]} g4 {[%clk
00:09:23]} {[%emt 00:00:08]} 52. hxg4 {[%clk 00:04:40]} {[%emt 00:00:17]} hxg4
{[%clk 00:09:21]} {[%emt 00:00:07]} 53. Nc4 {[%clk 00:04:42]} {[%emt 00:00:04]}
Bxd4 {[%clk 00:08:56]} {[%emt 00:00:29]} 54. exd4 {[%clk 00:04:35]} {[%emt
00:00:12]} Kxd4 {[%clk 00:08:56]} {[%emt 00:00:04]} 55. a4 {[%clk 00:03:23]}
{[%emt 00:01:18]} e3 {[%clk 00:08:28]} {[%emt 00:00:33]} 56. fxe3 {[%clk
00:03:27]} {[%emt 00:00:02]} fxe3 {[%clk 00:08:23]} {[%emt 00:00:09]} 57. Nxe3
{[%clk 00:03:30]} {[%emt 00:00:02]} Kxe3 {[%clk 00:08:19]} {[%emt 00:00:09]}
58. a5 {[%clk 00:03:34]} {[%emt 00:00:02]} Kf2 {[%clk 00:08:11]} {[%emt
00:00:12]} 59. a6 {[%clk 00:03:38]} {[%emt 00:00:01]} Kxg2 {[%clk 00:08:05]}
{[%emt 00:00:11]} 60. a7 {[%clk 00:03:41]} {[%emt 00:00:02]} Kh2 {[%clk
00:07:50]} {[%emt 00:00:20]} 61. a8=Q {[%clk 00:03:42]} {[%emt 00:00:05]} g3
{[%clk 00:07:39]} {[%emt 00:01:55]} 62. Qh8+ {[%clk 00:03:44]} {[%emt
00:00:03]} Kg1 {[%clk 00:07:37]} {[%emt 00:00:08]} 63. Qd4+ {[%clk 00:03:38]}
{[%emt 00:00:11]} Kh1 {[%clk 00:06:59]} {[%emt 00:00:42]} 64. Qh4+ {[%clk
00:03:39]} {[%emt 00:00:05]} Kg2 {[%clk 00:06:55]} {[%emt 00:00:08]} 65. Kc3
{[%clk 00:03:42]} {[%emt 00:00:02]} Kf3 {[%clk 00:06:48]} {[%emt 00:00:11]} 66.
Qf6 {[%clk 00:03:45]} {[%emt 00:00:03]} Ke3 {[%clk 00:06:25]} {[%emt 00:00:28]}
67. Qg5 {[%clk 00:03:46]} {[%emt 00:00:04]} Kf3 {[%clk 00:06:29]} {[%emt
00:00:02]} 68. Qf5 {[%clk 00:03:38]} {[%emt 00:00:13]} Ke3 {[%clk 00:06:27]}
{[%emt 00:00:06]} 69. Qh3 {[%clk 00:03:41]} {[%emt 00:00:02]} Kf2 {[%clk
00:06:23]} {[%emt 00:00:10]} 70. Kd2 {[%clk 00:03:36]} {[%emt 00:00:10]} g2
{[%clk 00:06:22]} {[%emt 00:00:05]} 71. Qe3 {[%clk 00:03:39]} {[%emt 00:00:02]}
1-0